000 01380nam0a22003251 4500
001 rc\2270484
005 20110829190924.5
035 _a(NLR Aleph) 006551535
090 _a6745675
_c6745675
100 _a20110829d1977 |||y0rusy50 ca
101 0 _arus
102 _aRU
105 _ay z |||||
200 1 _aРесурсы кремнистых пород СССР и пути их рационального использования
_eОбзор
210 _aМосква
_cВИЭМС
_d1977
215 _a58 с.
_d20
225 1 _aЭкономика минерального сырья и геолого-разведывательных работ
_fВНИИ экономики минер. сырья и геол.-развед. работ, Отрасл. ЦНТИ
300 _aНа обл. авт. не указаны
320 _aСписок лит.: с. 57 (10 назв.)
606 _aГорные породы, кремнистые СССР
_jОбзоры литературы информационные
_2psbo
686 _aУ9(2)300-553.8,0
_2rubbk
700 1 _aНиконоров
_bС. П.
_gСергей Петрович
701 1 _aПленкин
_bА. П.
801 0 _aRU
_bNLR
_gpsbo
801 1 _aRU
_bELAR
_2rusmarc
852 _aNLR
_j78-4/19770
899 _aRuMoRGB
_jБ 78-54/2133
899 _aRuMoRGB
_jБ 78-54/2134
942 _cBOOK
980 _aNB